| 000 | 00606nam a2200217 a 4500 | ||
|---|---|---|---|
| 005 | 20210219152937.0 | ||
| 008 | 991125n 000 0 u | ||
| 035 | _aUPN01000068116 | ||
| 100 | _aPlanalp, Sally | ||
| 222 | _aCOMMUNICATION MONOGRAPHS | ||
| 245 | _aCommunication, cognition, and emotion | ||
| 300 | _a3-9 | ||
| 362 | _a60, No. 1, 1993 | ||
| 505 | _aAgosto 1993 | ||
| 653 | 0 | _aCOMUNICACION INTERPERSONAL | |
| 653 | 0 | _aDISE\197O DE INVESTIGACION | |
| 653 | 0 | _aINVESTIGACION DE LA COMUNICACION | |
| 653 | 0 | _aNECESIDADES DE INVESTIGACION | |
| 904 |
_aAC _b005927 |
||
| 905 | _aArticulo | ||
| 999 |
_c64355 _d64355 |
||